| 000 | 01789cam a22004097a 4500 | ||
|---|---|---|---|
| 005 | 20230608092248.0 | ||
| 008 | 151023s2013 nyua 001 0 eng d | ||
| 010 | _a 2015430171 | ||
| 020 | _a9780071792301 (pbk.) | ||
| 020 | _a0071792309 (pbk.) | ||
| 035 | _a(OCoLC)ocn768172027 | ||
| 040 |
_aBTCTA _beng _cBTCTA _dBDX _dYDXCP _dAPL _dOCLCA _dOCLCF _dIEP _dOCLCO _dDLC |
||
| 042 | _alccopycat | ||
| 082 | 0 | 4 |
_a004.076 _222 _bPYL-C |
| 100 | 1 | _aPyles, James. | |
| 245 | 1 | 0 |
_aCompTIA A+ certification practice exams : _b(exams 220-801 & 220-802) / _cJames Pyles, Mike Chapple, Michael Pastore. |
| 246 | 3 | 0 | _aPractice exams CompTIA A+ |
| 250 | _a2nd ed. | ||
| 260 |
_aNew York, [N.Y.] : _bMcGraw-Hill, _cc2013. |
||
| 300 |
_axxiv, 423 p. : _bill. ; _c24 cm. + |
||
| 500 | _aIncludes CD-ROM. | ||
| 500 | _aIncludes index. | ||
| 650 | 0 |
_aComputer technicians _xCertification _vStudy guides. |
|
| 650 | 0 |
_aComputers _xMaintenance and repair _xExaminations _vStudy guides. |
|
| 650 | 0 |
_aElectronic data processing _xExaminations _vStudy guides. |
|
| 650 | 0 |
_aMicrocomputers _xMaintenance and repair _xExaminations _vStudy guides. |
|
| 650 | 7 |
_aComputer technicians _xCertification. _2fast _0(OCoLC)fst00872659 |
|
| 650 | 7 |
_aComputers _xMaintenance and repair _xExaminations. _2fast _0(OCoLC)fst00872827 |
|
| 650 | 7 |
_aElectronic data processing _xExaminations. _2fast _0(OCoLC)fst00907004 |
|
| 650 | 7 |
_aExaminations. _2fast _0(OCoLC)fst00917492 |
|
| 650 | 7 |
_aMicrocomputers _xMaintenance and repair _xExaminations. _2fast _0(OCoLC)fst01019670 |
|
| 700 | 1 |
_aChapple, Mike, _d1975- |
|
| 700 | 1 | _aPastore, Michael A. | |
| 906 |
_a7 _bcbc _ccopycat _d2 _encip _f20 _gy-gencatlg |
||
| 999 |
_c18665 _d18665 |
||